Statystyki dla Państwa Rzeczypospolitej Obojga Narodów

Kliknij tutaj aby rozwiązać quiz!

Ogólne statystyki

  • Ten quiz został rozwiązany 1 721 razy
    (1 523 od ostatniego zresetowania)
  • Średni wynik to 9 z 10

Statystyki odpowiedzi

TerytoriumPaństwo% Poprawnych
CałośćLitwa
99%
CzęśćUkraina
99%
CałośćŁotwa
98%
CzęśćRosja
98%
CzęśćEstonia
97%
CałośćBiałoruś
95%
CzęśćPolska
94%
CzęśćSłowacja
91%
CzęśćMołdawia
86%
CzęśćRumunia
82%

Rozkład punktacji

Percentyl według liczby udzielonych odpowiedzi

Procent ludzi z każdym wynikiem

Twoja historia wyników

Nie rozwiązałeś tego quizu od ostatniego zresetowania